[Event "GER-ch Net blitz qual3"]
[Site "Playchess.com INT"]
[Date "2020.03.21"]
[Round "9"]
[White "Costa, Leonardo"]
[Black "Reis, Gerhard"]
[Result "0-1"]
[WhiteElo "2091"]
[BlackElo "2223"]
[PlyCount "104"]
[EventDate "2020.03.21"]
[EventType "swiss (blitz)"]
[EventRounds "9"]
[EventCountry "GER"]
[SourceTitle "CBM 195 Extra"]
[Source "ChessBase"]
[SourceDate "2020.05.31"]
[SourceVersion "1"]
[SourceVersionDate "2020.05.31"]
[SourceQuality "1"]

1. e4 c5 2. Nf3 Nc6 3. d4 cxd4 4. Nxd4 Nf6 5. Nc3 e5 6. Ndb5 d6 7. Bg5 a6 8. Na3 b5 9. Nd5 Be7 10. Bxf6 Bxf6 11. c3 0-0 12. Nc2 Rb8 13. Bd3 Bg5 14. h4 Bh6 15. g4 Bf4 16. Qf3 a5 17. Nxf4 exf4 18. Qxf4 Re8 19. g5 Ne5 20. Be2 b4 21. cxb4 axb4 22. 0-0 b3 23. Nd4 bxa2 24. Rxa2 Rb4 25. Nf5 Ng6 26. Qxd6 Rbxe4 27. Qxd8 Rxd8 28. Ng3 Rxh4 29. Bf3 Be6 30. Ra7 Rb4 31. Rb1 Ne5 32. Be2 Kf8 33. Kg2 Rdb8 34. Ra5 Nc6 35. Rc5 Nd4 36. Bc4 Rxc4 37. Rxc4 Bxc4 38. b4 Nc6 39. Ne4 Rxb4 40. Rc1 Bd5 41. f3 Bxe4 42. fxe4 Rb6 43. Kf3 Ke7 44. Kf4 Ke6 45. Rc5 Ne7 46. Kg4 Rb4 47. Kf3 f6 48. gxf6 Kxf6 49. Kf4 Ng6+ 50. Kf3 Ne5+ 51. Ke3 Rb3+ 52. Kd4 Rd3# 0-1